Persecució i assassinat de Jean-Paul Marat representats pel grup escènic de l'hospici de Charenton sota la direcció del Senyor de Sade / de Peter Weiss ; traducció de Feliu Formosa
Descripción Física:
104 p. ; 18 cm
Colección:
Biblioteca teatral ; 17
Otros Autores:
Formosa, Feliu, 1934-
MARC
| LEADER | 00000nam a2200000Ia 4500 | ||
|---|---|---|---|
| 001 | 2104 | ||
| 008 | 160829s1983 xx 000 0 cat d | ||
| 080 | |a L-1-207 | ||
| 100 | |a Weiss, Peter |9 35610 | ||
| 245 | |a Persecució i assassinat de Jean-Paul Marat representats pel grup escènic de l'hospici de Charenton sota la direcció del Senyor de Sade / de Peter Weiss ; traducció de Feliu Formosa | ||
| 260 | |a Barcelona : |b Institut del Teatre de la Diputació de Barcelona : |b Edicions del Mall, |c 1983 | ||
| 300 | |a 104 p. ; |c 18 cm | ||
| 490 | |a Biblioteca teatral ; 17 | ||
| 700 | |a Formosa, Feliu, |d 1934- |e traductor |9 34955 | ||
| 710 | 1 | |a Institut del Teatre (Barcelona, Catalunya) |9 52662 | |
| 901 | |a Arxiu | ||
| 942 | |n 1 |2 udc | ||
| 952 | |0 0 |1 0 |4 0 |6 L1207 |7 1 |9 46991 |a Arxiu |b Arxiu |d 2016-12-01 |l 0 |o L-1-207 |p 2104 |r 2016-12-01 00:00:00 |w 2016-12-01 |y ARXIU | ||
| 999 | |c 50784 |d 50784 | ||